00470 2200169 4500001002100000005001500021035002000036245007800056100003000134250000600164300003000170260004800200082000800248084001400256020001800270990001200288INLIS00000000000336820260211010453 a0010-02260000341 aBUDIDAYA DAN MANFAAT :bSumber Daya Kelautan /cDr. Adhyaksa Dault, M. Si0 aDr. Adhyaksa Dault, M. Si aV a56 hlm :bs ;c21 x 30 cm aYogyakarta :bPT. Armandelta Selaras,c2018 a903 a903 DR. b a602-8227-37-7 a0750971